[Event "BEL-ch U20"]
[Site "Houffalize"]
[Date "2009.04.16"]
[Round "5"]
[White "Leen, Bart"]
[Black "Philippe, Anne"]
[Result "0-1"]
[WhiteElo "1270"]
[BlackElo "1457"]
[PlyCount "140"]
[EventDate "2009.04.13"]
[EventType "swiss"]
[EventRounds "9"]
[EventCountry "BEL"]
[SourceTitle "EXT 2012"]
[Source "ChessBase"]
[SourceDate "2011.11.24"]
[SourceVersion "1"]
[SourceVersionDate "2011.11.24"]
[SourceQuality "1"]

1. e4 c5 2. c3 g6 3. Nf3 Nc6 4. d4 cxd4 5. Nxd4 Nf6 6. Bd3 Bg7 7. 0-0 0-0 8. Re1 d6 9. Bg5 a6 10. Qd2 Qb6 11. Nxc6 Qxc6 12. f3 Re8 13. Bc2 Qb6+ 14. Qe3 Qxb2 15. Ba4 Qxa1 16. Bxe8 Nxe8 17. Qd2 Be6 18. a3 Ba2 19. Qc1 Bxb1 20. Qxb1 Qxb1 21. Rxb1 Rb8 22. c4 Bf6 23. Be3 b5 24. c5 dxc5 25. Bxc5 Rc8 26. Bb4 Bd4+ 27. Kf1 e6 28. Ke2 Be5 29. h3 Bd6 30. Bxd6 Nxd6 31. a4 Rb8 32. axb5 axb5 33. Rd1 Nc4 34. Rb1 Kg7 35. Kd3 Kf6 36. Kd4 Na3 37. Rb3 b4 38. f4 Rb5 39. g4 h6 40. Rb2 b3 41. Kc3 Nc2 42. Rxb3 Rxb3+ 43. Kxb3 Ne3 44. Kc3 Ng2 45. Kd4 Nxf4 46. h4 e5+ 47. Ke3 Ng2+ 48. Kf3 Nxh4+ 49. Kg3 g5 50. Kh3 Ke6 51. Kg3 Kd6 52. Kf2 Kc5 53. Ke3 Ng2+ 54. Kf3 Nf4 55. Ke3 h5 56. gxh5 Nxh5 57. Kf3 Kd4 58. Kg4 Kxe4 59. Kxg5 f5 60. Kh4 f4 61. Kh3 Ng3 62. Kh2 Ke3 63. Kg2 f3+ 64. Kxg3 f2 65. Kg2 Ke2 66. Kh2 f1Q 67. Kg3 Qf4+ 68. Kg2 Qg4+ 69. Kh2 Kf2 70. Kh1 Qg2# 0-1

[Event "BEL-ch U20"]
[Site "Houffalize"]
[Date "2009.04.16"]
[Round "6"]
[White "Philippe, Anne"]
[Black "Belet, Artium"]
[Result "0-1"]
[WhiteElo "1457"]
[BlackElo "1282"]
[PlyCount "42"]
[EventDate "2009.04.13"]
[EventType "swiss"]
[EventRounds "9"]
[EventCountry "BEL"]
[SourceTitle "EXT 2012"]
[Source "ChessBase"]
[SourceDate "2011.11.24"]
[SourceVersion "1"]
[SourceVersionDate "2011.11.24"]
[SourceQuality "1"]

1. e4 d6 2. d4 Nf6 3. Nc3 g6 4. Be3 Bg7 5. Nf3 0-0 6. Qd2 e5 7. dxe5 dxe5 8. Qxd8 Rxd8 9. Nxe5 Nxe4 10. Nxe4 Bxe5 11. c3 Bf5 12. Ng3 Be6 13. Be2 f5 14. Bd2 Nc6 15. b3 Nb4 16. Bd1 Nd3+ 17. Ke2 Nxf2 18. Rf1 Nxd1 19. Raxd1 f4 20. Bxf4 Bg4+ 21. Ke3 Bxf4+ 0-1